000 00703nas a2200217 4500
001 BR8701920
003 BR-BrBNA
005 20231205090626.0
007 ta
008 230509b bl.|||p| |||| 00| 00por d
040 _aBR-BrBNA
_bpor
_cBiblioteca Nacional de Agricultura
041 _a(Pt)
072 _aP06
100 1 _aLopes, C.H.
245 1 _aAspectos parametricos e dimensionais da fermentacao alcoolica
246 1 _a[Parametrical and dimensional aspects of alcohol fermentation]
650 _aFERMENTACAO ALCOOLICA
773 0 _tAlcool e Acucar (Brazil)
_xISSN 0101-8566
_g(Mar-Apr 1985), v. 5(21) p. 34-40
_wBR8701920
909 _a202311
_bLúcia
_c55
_dLúcia Elande
942 _2AGRIS
_n0
_cANA
999 _c119861
_d119861